| 000 | 01201nam a2200253Ia 4500 | ||
|---|---|---|---|
| 999 |
_c55795 _d55795 |
||
| 001 | 22892 | ||
| 003 | GE_BSU | ||
| 005 | 20190709165056.0 | ||
| 008 | 181216s2015||||en |||||||||||||| ||enk|| | ||
| 020 | _a9781118691960 (Hardcover) | ||
| 041 | _aenk | ||
| 080 | _a339:005 I-56 | ||
| 245 |
_aImplementing Enterprise Risk Management: Case Studies and Best Practices / _bEditors : John Fraser; Betty Simkins; Kristina Narvaez. |
||
| 264 |
_aNew Jersey : _bWILEY, _c2015. |
||
| 300 |
_a673 p .: _bill; _c26 cm. _eINDEX p.651-673; |
||
| 440 |
_a(Robert W. Kolb Series) _93180 |
||
| 653 | _aImplementing Enterprise Risk Management: Case Studies and Best Practices | ||
| 653 | _aეკონომიკა,მენეჯმენტი | ||
| 653 | _aსაწარმოო რისკების მართვის განმახორციელებელი: საქმის შესწავლა და საუკეთესო პრაქტიკა | ||
| 700 |
_aFraser, John _eრედაქტორი _93177 |
||
| 700 |
_aSimkins, Betty _eრედაქტორი _93178 |
||
| 700 |
_aNarvaez, Kristina _eრედაქტორი _93179 |
||
| 942 |
_cBK _2udc |
||